[Event "6th ch-Cent SRB Int 2013"]
[Site "Paracin SRB"]
[Date "2013.07.06"]
[Round "3.31"]
[White "Sorgic,D"]
[Black "Stojkovska,M"]
[Result "1/2-1/2"]
[WhiteElo "2265"]
[BlackElo "2005"]

1.e4 c5 2.Nf3 d6 3.d4 cxd4 4.Nxd4 Nf6 5.Nc3 Nc6 6.Bg5 Qb6 7.Nb3 e6 8.Qd2 a6
9.O-O-O Bd7 10.f3 Be7 11.h4 Qc7 12.Kb1 O-O-O 13.g4 Na5 14.Nxa5 Qxa5 15.Nd5 Qxd2
16.Nxe7+ Kc7 17.Rxd2 Rhe8 18.Bc4 Rxe7 19.Rhd1 h6 20.Bxf6 gxf6 21.Rxd6 Rg8
22.R6d2 Bc6 23.Bd3 f5 24.Rg1 Rd7 25.Kc1 Rd4 26.exf5 Bxf3 27.fxe6 fxe6 28.Rf2 Rgxg4
29.Rgf1 Be4 30.Rf7+ Rd7 31.Rxd7+ Kxd7 32.Bxe4 Rxe4 33.Rf7+ Kc6 34.Rf6 Rxh4
35.Rxe6+  1/2-1/2

[Event "41st TCh-GRE"]
[Site "Rio (Achaia) GRE"]
[Date "2013.07.06"]
[Round "6.9"]
[White "Ladopoulos,D"]
[Black "Leftheriotis,Emilios"]
[Result "1-0"]
[WhiteElo "2082"]
[BlackElo "1614"]

1.e4 c5 2.Nf3 d6 3.d4 cxd4 4.Nxd4 Nf6 5.Nc3 Nc6 6.Bg5 e6 7.Qd2 Be7 8.f3 d5
9.Bb5 Bd7 10.Bxc6 Bxc6 11.e5 Nd7 12.Bxe7 Qxe7 13.f4 a6 14.O-O-O Nb6 15.Nce2 Nc4
16.Qc3 Rc8 17.b3 Nb6 18.Qe3 Nd7 19.f5 O-O 20.Qg3 Kh8 21.fxe6 fxe6 22.Nf4 Nc5
23.Rhf1 Ne4 24.Qh3 Be8 25.Kb2 Rxf4 26.Rxf4 Bf7 27.Qf3 Rf8 28.Rf1 Kg8 29.Qe3 Qc5
30.c3 Qe7 31.c4 Qc5 32.cxd5  1-0

[Event "Werner-Ott-Open 2013"]
[Site "Berlin GER"]
[Date "2013.07.08"]
[Round "3.5"]
[White "Zur,J"]
[Black "Von Herman,U"]
[Result "0-1"]
[WhiteElo "2029"]
[BlackElo "2396"]

1.e4 c5 2.Nf3 Nc6 3.d4 cxd4 4.Nxd4 Nf6 5.Nc3 d6 6.Bg5 e6 7.Qd2 a6 8.O-O-O Bd7
9.f4 h6 10.Bh4 Nxe4 11.Nxe4 Qxh4 12.Nf3 Qe7 13.Nxd6+ Qxd6 14.Qxd6 Bxd6 15.Rxd6 Ke7
16.Rd2 Rac8 17.Be2 Rhd8 18.Rhd1 Nb4 19.Ne5 Be8 20.Rxd8 Rxd8 21.Rxd8 Kxd8
22.c3 Nd5 23.g3 f6 24.Nf3 g5 25.fxg5 hxg5 26.Bc4 Nc7 27.h4 Bh5 28.Nd4 gxh4
29.gxh4 Ke7 30.Kd2 f5 31.b4 Be8 32.Be2 Kf6 33.c4 e5 34.Nb3 e4 35.Nc5 b6 36.b5 axb5
37.cxb5 Nxb5 38.Na4 Nd4 39.Nxb6 Nxe2 40.Kxe2 f4 41.a4 Ke5 42.a5 Kd4 43.Ke1 e3
44.Nc4 f3 45.Nd6 Bd7 46.a6 f2+  0-1

[Event "FSFMA July 2013"]
[Site "Budapest HUN"]
[Date "2013.07.08"]
[Round "3.2"]
[White "Darazs,Z"]
[Black "Laza,S"]
[Result "0-1"]
[WhiteElo "2161"]
[BlackElo "1968"]

1.e4 c5 2.Nf3 d6 3.d4 cxd4 4.Nxd4 Nf6 5.Nc3 Nc6 6.Bg5 e6 7.Qd2 a6 8.O-O-O h6
9.Bh4 Nxe4 10.Bxd8 Nxd2 11.Nxc6 bxc6 12.Bc7 Nxf1 13.Bxd6 Bxd6 14.Rxd6 Nxh2
15.Rxh2 Bb7 16.Na4 Ke7 17.Rd2 Rad8 18.Nc5 Bc8 19.Rh3 Rd5 20.Rxd5 exd5 21.Ra3 Kd6
22.Nxa6 Re8 23.Kd2 Re4 24.c3 h5 25.b4 h4 26.f3 Re5 27.Nc5 Rg5 28.Ra8 Rxg2+
29.Ke3 Bf5 30.Kf4 g6 31.a4 Rc2 32.a5 Rxc3 33.a6 Rc4+ 34.Ne4+ Kc7  0-1

[Event "120th ch-SCO 2013"]
[Site "Helensburgh SCO"]
[Date "2013.07.08"]
[Round "3.17"]
[White "Sreeves,C"]
[Black "Schmerwitz,R"]
[Result "1-0"]
[WhiteElo "2251"]
[BlackElo "1864"]

1.e4 c5 2.Nf3 d6 3.d4 cxd4 4.Nxd4 Nf6 5.Nc3 Nc6 6.Bg5 e6 7.Qd2 a6 8.O-O-O Bd7
9.f3 Rc8 10.Kb1 b5 11.Nxc6 Bxc6 12.Ne2 Be7 13.h4 d5 14.e5 Nd7 15.Qe3 Qc7
16.Bxe7 Kxe7 17.f4 b4 18.Nd4 Bb7 19.Bd3 Nc5 20.f5 h6 21.Qg3 Rcg8 22.Rhf1 Nd7
23.fxe6 fxe6 24.Qg6 Qb6 25.Rf7+ Kd8 26.Nxe6+ Kc8 27.Rxd7 Kxd7 28.Nf8+ Kc7
29.Qf7+ Kc6 30.Qd7+ Kc5 31.Ne6+  1-0

[Event "23rd Heart of FIN"]
[Site "Jyvaskyla FIN"]
[Date "2013.07.08"]
[Round "1.7"]
[White "Agopov,M"]
[Black "Lobanov,Sergei"]
[Result "0-1"]
[WhiteElo "2429"]
[BlackElo "2198"]

1.e4 c5 2.Nf3 d6 3.d4 cxd4 4.Nxd4 Nf6 5.Nc3 Nc6 6.Bg5 e6 7.Qd2 a6 8.O-O-O Bd7
9.f3 b5 10.Kb1 Rc8 11.Bxb5 axb5 12.Ndxb5 Ne5 13.Nxd6+ Bxd6 14.Qxd6 Nc4 15.Qb4 Qc7
16.b3 Rb8 17.Rxd7 Kxd7 18.Qa4+ Ke7 19.Kc1 Nb6 20.Qa3+ Qd6 21.Qa7+ Nd7 22.Rd1 Ra8
23.Qe3 Qa3+ 24.Kb1 Rhc8 25.e5 Rxc3 26.exf6+ gxf6 27.Bxf6+ Nxf6 28.Qxc3 Qxa2+
29.Kc1 Qa1+ 30.Qxa1 Rxa1+ 31.Kd2 Rxd1+ 32.Kxd1 e5 33.Kd2 Nd7 34.Ke3 f5 35.f4 e4
36.g3 Nf6 37.Kd4 Ng4 38.h3 Nf2 39.g4 Ke6 40.b4 Nxh3 41.b5 fxg4 42.Kxe4 h5
43.f5+ Kd6 44.f6 Ng5+ 45.Kf4 Ne6+ 46.Kg3 Nc5 47.Kh4 Ke6 48.Kxh5 g3  0-1

[Event "Commonwealth & RSA Open"]
[Site "Port Elizabeth RSA"]
[Date "2013.07.09"]
[Round "6.15"]
[White "Whittet,Andrew N."]
[Black "Kiran,M"]
[Result "0-1"]
[WhiteElo "1861"]
[BlackElo "2259"]

1.e4 c5 2.Nf3 Nc6 3.d4 cxd4 4.Nxd4 Nf6 5.Nc3 d6 6.Bg5 e6 7.Qd2 Be7 8.O-O-O Nxd4
9.Qxd4 O-O 10.e5 dxe5 11.Qxe5 Bd7 12.Bb5 Qa5 13.Rxd7 Nxd7 14.Qg3 Bxg5+ 15.Qxg5 a6
16.Qd2 axb5 17.Qxd7 b4  0-1

[Event "3rd SPAChess Open"]
[Site "Amsterdam NED"]
[Date "2013.07.10"]
[Round "5.14"]
[White "Kevlishvili,Robby"]
[Black "Van Osch,Mees"]
[Result "1/2-1/2"]
[WhiteElo "2047"]
[BlackElo "2177"]

1.e4 c5 2.Nf3 d6 3.d4 cxd4 4.Nxd4 Nf6 5.Nc3 Nc6 6.Bg5 Bd7 7.Qd2 h6 8.Be3 Ng4
9.Nxc6 bxc6 10.Bf4 Rb8 11.f3 Nf6 12.O-O-O Qb6 13.b3 g5 14.Be3 Qb4 15.Kb1 Bg7
16.Bd4 c5 17.Bxf6 Bxf6 18.Nd5 Qxd2 19.Nxf6+ exf6 20.Rxd2 Ke7 21.Bc4 Be6 22.Bd5  1/2-1/2

[Event "ch-BEL Open 2013"]
[Site "Antwerp BEL"]
[Date "2013.07.10"]
[Round "5.10"]
[White "Cluyts,M"]
[Black "De Herdt,Y"]
[Result "0-1"]
[WhiteElo "1968"]
[BlackElo "2143"]

1.e4 c5 2.Nf3 d6 3.d4 cxd4 4.Nxd4 Nf6 5.Nc3 Nc6 6.Bg5 g6 7.Bxf6 exf6 8.Bc4 Bg7
9.Ndb5 O-O 10.Qxd6 a6 11.Qxd8 Rxd8 12.Nc7 Ra7 13.Bb3 b5 14.N7d5 f5 15.exf5 Bxf5
16.O-O-O Nd4 17.Ne3 Bc8 18.Ncd5 Be6 19.c4 Rc8 20.Kb1 bxc4 21.Bxc4 Rxc4 22.Nxc4 Bxd5
23.Ne3 Be4+ 24.Ka1 Rb7 25.Rd2 Rb5 26.a4 Rb4  0-1

[Event "28th Gniot Mem 2013"]
[Site "Police POL"]
[Date "2013.07.10"]
[Round "1.1"]
[White "Jacek,K"]
[Black "Shishkin,Va UKR"]
[Result "1/2-1/2"]
[WhiteElo "2139"]
[BlackElo "2509"]

1.e4 c5 2.Nf3 Nc6 3.d4 cxd4 4.Nxd4 Nf6 5.Nc3 d6 6.Bg5 Bd7 7.Qd2 h6 8.Bxf6 gxf6
9.O-O-O Nxd4 10.Qxd4 Qa5 11.f4 Rc8 12.Kb1 Qc5 13.Qd3 Bg7 14.f5 h5 15.Be2 h4
16.g3 Bh6 17.Nd5 Bg5 18.Rhf1 a5 19.c3 b5 20.Rf3 hxg3 21.hxg3 Rh6 22.Rff1 Bc6
23.Rh1 Rxh1 24.Rxh1 Kd7 25.b4 axb4 26.Nxb4 Qe5 27.Nxc6 Kxc6 28.a4 Kb6 29.Kb2 Rc4
30.Rh8 Qxe4 31.Qxe4 Rxe4 32.Bxb5 Be3 33.Rf8 Bf2 34.Rxf7 Bxg3 35.Bd7 Re3 36.c4 Ka5
37.Be6 Be5+ 38.Kc2 Kxa4 39.Rxe7 Kb4 40.Rb7+ Kc5 41.Rb3 Re1 42.Rb1 Re2+ 43.Kd3 Rb2
44.Rxb2  1/2-1/2

[Event "EY Boys Teams 2013"]
[Site "Maribor SLO"]
[Date "2013.07.11"]
[Round "6"]
[White "Kriebel,T"]
[Black "Georgiadis,N"]
[Result "0-1"]
[WhiteElo "2349"]
[BlackElo "2394"]

1.e4 c5 2.Nf3 d6 3.d4 cxd4 4.Nxd4 Nf6 5.Nc3 Nc6 6.Bg5 e6 7.Qd2 a6 8.O-O-O Bd7
9.Kb1 b5 10.Nxc6 Bxc6 11.f3 h6 12.Be3 Rc8 13.Bd3 Qc7 14.Ne2 Bb7 15.h4 Nd7
16.Nd4 Ne5 17.Qe2 Nc4 18.Bxc4 Qxc4 19.Qd2 h5 20.Nb3 Qc7 21.Na5 Ba8 22.c4 bxc4
23.Nxc4 Qxc4 24.Rc1 Bxe4+ 25.fxe4 Qxe4+ 26.Ka1 Rb8 27.Rc7 d5 28.Qc3 d4 29.Rc8+ Rxc8
30.Qxc8+ Ke7 31.Qc7+ Ke8 32.Qc8+ Ke7 33.Qc7+ Ke8 34.Qb8+ Ke7 35.Bg5+ f6 36.Qa7+ Ke8
37.Rc1 Be7 38.Qb8+ Bd8 39.Bd2 Kf7 40.Ba5 Qe5 41.Bc7 Qd5 42.a3 d3 43.Bf4 e5
44.Bd2 Re8 45.Qa7+ Be7 46.Qxa6 Ra8 47.Qc6 Qxc6 48.Rxc6 e4 49.Ka2 f5 50.g3 Rd8
51.Rc1 Bd6 52.Bg5 Re8 53.Rg1 e3 54.Kb3 f4 55.Kc3 e2 56.Kd2 f3 57.Be3 Rxe3  0-1

[Event "7th LCT 2013"]
[Site "Leiden NED"]
[Date "2013.07.12"]
[Round "1.15"]
[White "Kouwenhoven,Arjen"]
[Black "Slingerland,F"]
[Result "1/2-1/2"]
[WhiteElo "2004"]
[BlackElo "2350"]

1.e4 c5 2.Nf3 d6 3.d4 Nf6 4.Nc3 cxd4 5.Nxd4 Nc6 6.Bg5 e6 7.Qd2 a6 8.O-O-O Bd7
9.f3 b5 10.Kb1 Be7 11.h4 Ne5 12.Bd3 Qc7 13.g4 Nc4 14.Bxc4 bxc4 15.Be3 Rb8
16.Ka1 a5 17.h5 h6 18.g5 hxg5 19.Bxg5 Qb6 20.Rb1 a4 21.h6 gxh6 22.Rxh6 Rxh6
23.Bxh6 Ng8 24.Be3 Qb4 25.f4 Bf6 26.f5 Ne7 27.fxe6 fxe6 28.Nce2 Qxd2 29.Bxd2 Nc6
30.Nxc6 Bxc6 31.Bc3 Ke7 32.Rf1 Bxc3 33.Nxc3 Rh8 34.Kb1 Rh4 35.Re1 Kf6 36.a3 Ke5
37.Kc1 Bxe4 38.Nxa4 Rh2 39.Nc3 d5 40.Nxe4 dxe4 41.a4 Kd4 42.a5 Rh5 43.Kd2 Rxa5
44.c3+ Kd5 45.Ke3 Ke5 46.Rh1 Rd5 47.Rh5+ Kd6 48.Rh4 Rb5 49.Kd4 Rxb2 50.Rxe4 e5+
51.Kxc4 Rd2 52.Re3 Ke6 53.Kc5 Kf5 54.c4 Kf4 55.Re1 e4 56.Kc6 e3 57.c5 e2
58.Kb7 Rb2+ 59.Kc7 Ke5 60.c6 Ke6 61.Kd8 Rd2+ 62.Kc7 Rc2 63.Kd8 Rd2+ 64.Kc7 Ke7
65.Kc8 Rc2 66.c7 Kd6 67.Kd8 Rxc7 68.Rxe2  1/2-1/2

[Event "12th Condom Open"]
[Site "Condom FRA"]
[Date "2013.07.13"]
[Round "1.6"]
[White "Dupouy,F"]
[Black "Mladenov,P"]
[Result "0-1"]
[WhiteElo "1999"]
[BlackElo "2405"]

1.e4 c5 2.Nf3 d6 3.d4 cxd4 4.Nxd4 Nf6 5.Nc3 Nc6 6.Bg5 Bd7 7.Be2 Qa5 8.Bxf6 gxf6
9.O-O Rg8 10.Nd5 Bh3 11.Bf3 Ne5 12.Nf4 Bd7 13.Bh5 Bh6 14.Nd5 Bh3 15.f4 Bxg2
16.Kf2 Bxe4 17.Rg1 Rxg1 18.Qxg1 Qxd5  0-1

[Event "Styrian Open A 2013"]
[Site "Bad Gleichenberg AUT"]
[Date "2013.07.14"]
[Round "9.15"]
[White "Hofmann,T"]
[Black "Wittmann,W"]
[Result "1/2-1/2"]
[WhiteElo "2125"]
[BlackElo "2224"]

1.e4 c5 2.Nf3 Nc6 3.d4 cxd4 4.Nxd4 Nf6 5.Nc3 d6 6.Bg5 Bd7 7.Qd2 Rc8 8.Nxc6 bxc6
9.Bc4 Qa5 10.O-O-O h6  1/2-1/2

[Event "7th LCT 2013"]
[Site "Leiden NED"]
[Date "2013.07.16"]
[Round "5.6"]
[White "Sethuraman,S"]
[Black "Slingerland,F"]
[Result "1-0"]
[WhiteElo "2562"]
[BlackElo "2350"]

1.e4 c5 2.Nf3 d6 3.d4 Nf6 4.Nc3 cxd4 5.Nxd4 Nc6 6.Bg5 e6 7.Qd2 a6 8.O-O-O Bd7
9.f4 b5 10.Kb1 Be7 11.e5 dxe5 12.fxe5 Nxe5 13.Qe1 h6 14.Bh4 Ng6 15.Nc6 Qc7
16.Nxe7 Nxe7 17.Bxf6 gxf6 18.Ne4 Nd5 19.c4 f5 20.cxd5 fxe4 21.Qxe4 Rd8 22.Be2 Bc8
23.Rhf1 Qe7 24.Bh5 O-O 25.Rf3 Kh8 26.d6 Qd7 27.Rf6  1-0

[Event "Czech Open G1 Rapid 2013"]
[Site "Pardubice CZE"]
[Date "2013.07.17"]
[Round "3.4"]
[White "Matsenko,S"]
[Black "Kononenko,Dmitry1"]
[Result "1/2-1/2"]
[WhiteElo "2458"]
[BlackElo "2610"]

1.e4 c5 2.Nf3 Nc6 3.d4 cxd4 4.Nxd4 Nf6 5.Nc3 d6 6.Bg5 e6 7.Qd2 a6 8.O-O-O Bd7
9.f4 b5 10.Bxf6 gxf6 11.Kb1 Qb6 12.Nxc6 Bxc6 13.Qe1 Ra7 14.f5 Qc5 15.Bd3 a5
16.Rf1 Be7 17.Ne2 b4 18.Nf4 Bd7 19.Be2 Rc7 20.Rc1 Qe5 21.Bh5 Kf8 22.Qe3 Rg8
23.g3 Rg5 24.Nd3 Qb5 25.Be2 Kg8 26.Nf4 Qc5 27.Qf3 Kh8 28.h4 Rg8 29.Nh5 Qe5
30.fxe6 fxe6 31.Nxf6 Rxg3 32.Nxd7 Rxf3 33.Nxe5 Rxf1 34.Rxf1 dxe5 35.Rf7 Kg8
36.Bh5 Bd8  1/2-1/2

[Event "Minsk Open 2013"]
[Site "Minsk BLR"]
[Date "2013.07.18"]
[Round "6.8"]
[White "Zhigalko,A"]
[Black "Smirnov,Va"]
[Result "1-0"]
[WhiteElo "2604"]
[BlackElo "2332"]

1.e4 c5 2.Nf3 d6 3.d4 cxd4 4.Nxd4 Nf6 5.Nc3 Nc6 6.Bg5 e6 7.Qd2 a6 8.O-O-O Bd7
9.f3 b5 10.Nxc6 Bxc6 11.Kb1 Qc7 12.Ne2 Bb7 13.h4 d5 14.Nf4 dxe4 15.Bxf6 gxf6
16.Nh5 Rd8 17.Bxb5+ Ke7 18.Qb4+ Rd6 19.Rxd6 Qxd6 20.Rd1 Bd5 21.Qc3 Qe5 22.Qc5+ Kd8
23.Qb6+ Qc7 24.Qxa6  1-0

[Event "Corporation Cup 2013"]
[Site "Izhevsk RUS"]
[Date "2013.07.19"]
[Round "8.8"]
[White "Matinian,N"]
[Black "Karpeshov,O"]
[Result "1-0"]
[WhiteElo "2473"]
[BlackElo "2370"]

1.e4 c5 2.Nf3 d6 3.d4 cxd4 4.Nxd4 Nf6 5.Nc3 Nc6 6.Bg5 e6 7.Qd2 a6 8.O-O-O Bd7
9.f3 Be7 10.h4 b5 11.Nxc6 Bxc6 12.Kb1 h6 13.Bxf6 Bxf6 14.Qxd6 Qxd6 15.Rxd6 Rc8
16.h5 Ke7 17.Rd3 b4 18.Nd1 Rc7 19.c4 bxc3 20.Nxc3 Rb8 21.Be2 Rcb7 22.b3 a5
23.Re1 Be5 24.Bd1 Bd7 25.Re2 a4 26.Kc1 Bf4+ 27.Kb2 f6 28.e5 Bxe5 29.Re4 Bc6
30.Rh4 f5 31.Re3 Bf6 32.Rc4 Bb5 33.Rb4 Kf7 34.bxa4 Bxa4 35.Rxb7+ Rxb7+ 36.Bb3 Bxb3
37.axb3 Rb4 38.Kc2 Rh4 39.Re2 Be7 40.Nb5 Rxh5 41.Nd4 Rh1 42.Nxe6 Ra1 43.Nd4 g6
44.Kd3 Ra8 45.Nc6 Bd6 46.b4 g5 47.b5 h5 48.b6 g4 49.b7 Ra1 50.Nd8+ Kf8 51.fxg4 fxg4
52.Re6 Bg3 53.Ke4 Rb1 54.Rh6 Ke8 55.Ne6 Rxb7 56.Rh8+ Ke7 57.Rh7+ Kxe6 58.Rxb7 h4
59.Rg7 Kf6 60.Rxg4 Be1 61.Rg8 Bd2 62.Kf3 Kf5 63.Rb8 Be1 64.Rb5+  1-0

[Event "DSK GM Open 2013"]
[Site "Cape Town RSA"]
[Date "2013.07.21"]
[Round "2.3"]
[White "Haznedaroglu,K"]
[Black "Tischbierek,R"]
[Result "0-1"]
[WhiteElo "2417"]
[BlackElo "2422"]

1.e4 c5 2.Nf3 Nc6 3.d4 cxd4 4.Nxd4 Nf6 5.Nc3 d6 6.Bg5 e6 7.Bb5 Qb6 8.Be3 Qc7
9.g4 h5 10.gxh5 a6 11.Be2 Ne5 12.Bg5 b5 13.h6 b4 14.hxg7 Bxg7 15.Ndb5 axb5
16.Nxb5 Qc6 17.Qd4 Kf8 18.Nxd6 Ne8 19.O-O-O Rxa2 20.Be7+ Kg8 21.Bb5  0-1

[Event "Maccabiah IM1 2013"]
[Site "Jerusalem ISR"]
[Date "2013.07.21"]
[Round "1.2"]
[White "Alexikov,A"]
[Black "Efroimski,M"]
[Result "1/2-1/2"]
[WhiteElo "2381"]
[BlackElo "2297"]

1.e4 c5 2.Nf3 d6 3.d4 cxd4 4.Nxd4 Nf6 5.Nc3 Nc6 6.Bg5 e6 7.Qd2 Be7 8.O-O-O O-O
9.f3 Nxd4 10.Qxd4 a6 11.h4 b5 12.Qd2 Ne8 13.e5 f6 14.exd6 Qxd6 15.Qe1 Qc7
16.Bd2 b4 17.Ne4 a5 18.Kb1 Qc6 19.c3 Rb8 20.cxb4 Bxb4 21.Rc1 Qb6 22.Bxb4 axb4
23.Bc4 Nd6 24.Nxd6 Qxd6 25.Qe4 Kh8 26.Rhd1 Qg3 27.h5 e5 28.h6 Qg6 29.hxg7+ Kxg7
30.Bd3 Qxe4 31.Bxe4 Rf7 32.Rd6 Bb7 33.Bf5 Re7 34.Rh1 Rh8 35.Rh4 b3 36.axb3 Bc8
37.Bd3 Be6 38.Kc2 Rc8+ 39.Bc4 Bf5+ 40.Kc3 e4 41.Rf4 e3 42.Rd1 Re5 43.Rfd4 h5
44.Re1 Rc7 45.b4 Re8 46.b3 Ra7 47.Re2 Ra1 48.b5 Rh1 49.g4 hxg4 50.fxg4 Bc8
51.Bd5 Rg1 52.Re4 Rxe4 53.Bxe4 Rxg4 54.Rxe3 f5 55.Bd5 Kf6 56.b6 Rg7 57.Re8 Bb7
58.Re6+ Kf7 59.Rc6+ Ke8 60.Rc7 Rxc7+ 61.bxc7 Bc8  1/2-1/2

[Event "Minsk Open 2013"]
[Site "Minsk BLR"]
[Date "2013.07.21"]
[Round "9.18"]
[White "Revo,T"]
[Black "Elkin,L"]
[Result "1/2-1/2"]
[WhiteElo "2071"]
[BlackElo "2181"]

1.e4 c5 2.Nf3 d6 3.d4 cxd4 4.Nxd4 Nf6 5.Nc3 Nc6 6.Bg5 e6 7.Qd2 a6 8.O-O-O h6
9.Be3 Nxd4 10.Bxd4 b5 11.Bd3 Bb7 12.f3 Be7 13.e5 dxe5 14.Bxe5 O-O 15.Qe3 Qa5
16.a3 Rac8 17.Bd4 Qc7 18.Kb1 Bc5  1/2-1/2

[Event "6th Paleochora Open"]
[Site "Paleochora GRE"]
[Date "2013.07.21"]
[Round "4.29"]
[White "Xylogiannopoulos,A"]
[Black "Rahmanidis,Petros"]
[Result "1-0"]
[WhiteElo "2146"]
[BlackElo "1873"]

1.e4 c5 2.Nf3 d6 3.d4 cxd4 4.Nxd4 Nf6 5.Nc3 Nc6 6.Bg5 e6 7.Qd2 h6 8.Bxf6 gxf6
9.f4 a6 10.O-O-O Bd7 11.Be2 h5 12.Rhf1 Qb6 13.Nb3 O-O-O 14.Rf3 Be7 15.Rh3 h4
16.Qe1 f5 17.exf5 d5 18.Bg4 d4 19.fxe6 fxe6 20.Ne4 Rdg8 21.Ng5 Bd6 22.g3 Rg6
23.Qe4 Rf6 24.Nxd4 Nxd4 25.Qxd4 Qxd4 26.Rxd4 Kc7 27.Ne4 Bxf4+ 28.gxf4 Rxf4
29.Rc4+ Bc6 30.Nd2 Rf6 31.Bf3 Rg8 32.c3  1-0

[Event "DSK GM Open 2013"]
[Site "Cape Town RSA"]
[Date "2013.07.22"]
[Round "3.7"]
[White "Cawdery,D"]
[Black "Van den Heever,D"]
[Result "1/2-1/2"]
[WhiteElo "2345"]
[BlackElo "2280"]

1.e4 c5 2.Nf3 d6 3.d4 cxd4 4.Nxd4 Nf6 5.Nc3 Nc6 6.Bg5 e6 7.Qd2 a6 8.O-O-O h6
9.Be3 Qc7 10.f4 Be7 11.Be2 d5 12.exd5 exd5 13.Bf3 O-O 14.Rhe1 Rd8 15.Kb1 Na5
16.Nb3 Nc4 17.Qd3 Nxe3 18.Rxe3 Bg4 19.Qe2 Bxf3 20.Qxf3 Rac8 21.Qe2 Bb4 22.g3  1/2-1/2

[Event "36th Taminco Open"]
[Site "Ghent BEL"]
[Date "2013.07.22"]
[Round "5.6"]
[White "Donovan,L"]
[Black "Docx,S"]
[Result "0-1"]
[WhiteElo "2272"]
[BlackElo "2488"]

1.e4 c5 2.Nf3 Nc6 3.d4 cxd4 4.Nxd4 Nf6 5.Nc3 d6 6.Bg5 e6 7.Qd2 a6 8.O-O-O Bd7
9.f3 b5 10.Nxc6 Bxc6 11.Kb1 Be7 12.h4 O-O 13.Ne2 Rc8 14.Nd4 Bb7 15.g4 Nd7
16.Qh2 Re8 17.Bd3 Qb6 18.Be3 Qc7 19.g5 d5 20.e5 Nxe5 21.Bf4 Bd6 22.Bxb5 Red8
23.Bf1 Nc4 24.Bxd6 Qxd6 25.Qxd6 Rxd6 26.f4 Rb6 27.b3 Nd6 28.Kb2 a5 29.Rh2 a4
30.Bd3 Ba6 31.Bxa6 Rxa6 32.Rd3 Rca8 33.Kb1 Ne4 34.Nb5 Rc8 35.Kb2 Kf8 36.Re2 Rc5
37.Na3 Nd6 38.Nb1 Rc8 39.Nc3 a3+ 40.Kc1 h5 41.Nb1 Rb8 42.Rd4 Nf5 43.Rd1 Rb4
44.Rf2 g6 45.Rh1 Ng3 46.Rhh2 Ne4 47.Rf3 Ke7 48.c3 Rxb3 49.axb3 a2 50.Rxa2 Rxa2
51.b4 Kd6 52.Rd3 Kc6 53.Nd2 Nxd2 54.Rxd2 Ra1+ 55.Kc2 Kb5 56.Kd3 Rf1 57.Ra2 Rxf4
58.Rh2 e5 59.Rh3 Kc6 60.Ke3 Kd6 61.Rh1 Rc4 62.Kd3 Ke6 63.b5 Kd6 64.Rb1 Rc7
65.b6 Rb7 66.Rf1 Kc5 67.Rf6 Rxb6 68.Rxf7 Ra6 69.Rc7+ Kd6 70.Rf7 e4+ 71.Kd4 Ra4+
72.Ke3 Rc4 73.Rf6+ Kd7 74.Rf7+ Ke8 75.Rf6 Rxc3+ 76.Kd2 Rh3 77.Rxg6 Ke7 78.Rg7+ Ke6
79.Rg8 Rxh4 80.g6 d4 81.Rd8 e3+ 82.Kd3 Kf6 83.Rd6+ Kg7 84.Ke2 Rh2+ 85.Kf3 e2  0-1

[Event "VIII Vladimir Dvorkovich Open"]
[Site "Taganrog RUS"]
[Date "2013.07.22"]
[Round "1.2"]
[White "Guschin,V"]
[Black "Kryakvin,D"]
[Result "0-1"]
[WhiteElo "2120"]
[BlackElo "2584"]

1.e4 c5 2.Nf3 d6 3.d4 cxd4 4.Nxd4 Nf6 5.Nc3 Nc6 6.Bg5 e6 7.Qd2 Be7 8.O-O-O O-O
9.Ndb5 Qa5 10.f4 Rd8 11.a3 Rd7 12.Kb1 a6 13.Bxf6 Bxf6 14.Nxd6 Qd8 15.e5 Nxe5
16.fxe5 Bxe5 17.Nce4 b5 18.Bd3 f5 19.Nxf5 exf5 20.Ng3 g6 21.Qe2 Qf6 22.c3 Re7
23.Qc2 Bb7 24.Rhf1 Qh4 25.Rh1 Rf8 26.Rde1 Rfe8 27.Rd1 Bxg3 28.hxg3 Qxg3 29.Rd2 Kg7
30.Rhd1 Re1 31.Rxe1 Qxe1+ 32.Rd1 Qe5 33.Rd2 Re7 34.Ka1 Rd7 35.Ka2 Qd6 36.Qb1 Bd5+
37.b3 Be4  0-1

[Event "36th Taminco Open"]
[Site "Ghent BEL"]
[Date "2013.07.23"]
[Round "7.9"]
[White "Froeyman,H"]
[Black "De Herdt,Y"]
[Result "1-0"]
[WhiteElo "2304"]
[BlackElo "2143"]

1.e4 c5 2.Nf3 d6 3.d4 Nf6 4.Nc3 cxd4 5.Nxd4 Nc6 6.Bg5 g6 7.Bxf6 exf6 8.Bb5 Bd7
9.Qd2 Bg7 10.O-O-O O-O 11.Nb3 f5 12.Qxd6 Qb6 13.Qc5 Be6 14.Nd5 Qxc5 15.Nxc5 Bxd5
16.exd5 Nd4 17.Bd3 Rac8 18.Nxb7 Rc7 19.Na5 Rb8 20.Nb3 Nxb3+ 21.axb3 Rxb3
22.d6 Rc6 23.d7 Bf6 24.Rhe1 Kg7 25.Re8 Bxb2+ 26.Kd2 Bc3+ 27.Ke2  1-0

[Event "12th World U16 Ol"]
[Site "Chongqing CHN"]
[Date "2013.07.24"]
[Round "4"]
[White "Wang,Yiye"]
[Black "Alekseenko,K"]
[Result "1-0"]
[WhiteElo "2249"]
[BlackElo "2449"]

1.e4 c5 2.Nf3 Nc6 3.d4 cxd4 4.Nxd4 Nf6 5.Nc3 d6 6.Bg5 Qa5 7.Bxf6 gxf6 8.Nb3 Qg5
9.Nd5 Rb8 10.f4 Qg6 11.Qf3 Bd7 12.Bd3 Qh6 13.O-O Rg8 14.Rae1 Kd8 15.c3 Qh3
16.Qe2 Bg4 17.Qd2 Bf3 18.Rf2 Bxg2 19.Rxg2 Rxg2+ 20.Qxg2 Qxd3 21.Nc1 Qc4 22.Qg8 Ke8
23.Qxh7 Rc8 24.b3 Qc5+ 25.Kg2 Nb8 26.Nd3 Qa5 27.Re2 Nd7 28.Qh5 b6 29.c4 e6
30.e5 dxe5 31.fxe5 f5 32.Nf6+ Nxf6 33.exf6 Rc7 34.Rxe6+ Kd8 35.Re2 Qc3 36.Qh8 Qxd3
37.Qxf8+ Kd7 38.Re7+ Kc6 39.Qa8+  1-0

[Event "Maccabiah IM1 2013"]
[Site "Jerusalem ISR"]
[Date "2013.07.28"]
[Round "9.1"]
[White "Bezgodova,M"]
[Black "Kobo,Ori"]
[Result "1/2-1/2"]
[WhiteElo "2187"]
[BlackElo "2307"]

1.e4 c5 2.Nf3 d6 3.d4 cxd4 4.Nxd4 Nf6 5.Nc3 Nc6 6.Bg5 e6 7.Qd2 a6 8.O-O-O Bd7
9.f4 b5 10.Nxc6 Bxc6 11.Qe3 Qa5 12.Nd5 Bxd5 13.exd5 Qxa2 14.Bxf6 gxf6 15.Qc3 Rd8
16.dxe6 fxe6 17.Be2 Be7 18.f5 e5 19.Bf3 Bf8 20.Bc6+ Ke7 21.Qe3 Qa1+ 22.Kd2 Qa5+
23.c3 Qc7 24.Bd5 Qc5 25.Qf3 b4 26.Kc2 Rb8 27.c4 b3+ 28.Kc3 a5 29.Be6 a4 30.Qd5 Qxd5
31.Rxd5 Bh6 32.Ra1 Be3 33.Rxa4 Bd4+ 34.Kd3 Ra8 35.Rb4 Rhb8 36.Rdb5 Rxb5 37.Rxb5 Bxb2
38.Rb7+ Kf8 39.c5 dxc5 40.Bxb3 h6 41.Kc2 Bd4 42.Rf7+ Ke8 43.Rxf6 Ra3 44.Bd5 c4
45.Rc6 Ra2+ 46.Kd1 Ra1+ 47.Ke2 Ra2+ 48.Kf3 Rf2+ 49.Kg4 Rf4+ 50.Kh5 Rxf5+
51.Kg6 Rf4 52.Rxc4 Be3 53.Rc3 Bd2 54.Rc2 Rd4 55.Bf3 Ke7 56.Kf5 Bf4 57.g3 Bg5
58.Kxe5 Rd2 59.Rc7+ Rd7 60.Rc6 Kf7 61.h4 Bd2 62.Bd5+ Kg7 63.Rc8 Be1 64.Rg8+ Kh7
65.Rg4 Rg7 66.Be4+ Kh8 67.Bg6 Bc3+ 68.Ke6 Ra7 69.Bd3 Rg7 70.Rc4 Be1  1/2-1/2

[Event "5th Rethymno Open"]
[Site "Rethymno GRE"]
[Date "2013.07.28"]
[Round "1.16"]
[White "Georgiadis,I"]
[Black "Kafetzi,A"]
[Result "1-0"]
[WhiteElo "2449"]
[BlackElo "1714"]

1.e4 c5 2.Nf3 d6 3.d4 cxd4 4.Nxd4 Nf6 5.Nc3 Nc6 6.Bg5 Qb6 7.Be3 a6 8.Nb3 Qc7
9.Nd5 Nxd5 10.exd5 Ne5 11.Qd2 Bd7 12.Rc1 b5 13.Na5 Rc8 14.c4 bxc4 15.Nxc4 Nxc4
16.Bxc4 Qb7 17.O-O Rb8 18.b3 h5 19.Rfe1 Bb5 20.Bxb5+ axb5 21.Bf4 Kd8 22.Rc6 Ra8
23.Rec1 g6 24.Rc7 Qb6 25.R1c6 Qb8 26.Bxd6 exd6 27.Qg5+ Ke8 28.Qe3+ Kd8 29.Rxf7  1-0

[Event "12th World U16 Ol"]
[Site "Chongqing CHN"]
[Date "2013.07.29"]
[Round "10"]
[White "Tan,Ju2"]
[Black "Alekseenko,K"]
[Result "1/2-1/2"]
[WhiteElo "2322"]
[BlackElo "2449"]

1.e4 c5 2.Nf3 Nc6 3.d4 cxd4 4.Nxd4 Nf6 5.Nc3 d6 6.Bg5 e6 7.Qd2 a6 8.O-O-O Bd7
9.f3 b5 10.Be3 Ne5 11.Bd3 Qc7 12.Kb1 Be7 13.g4 O-O 14.g5 Nh5 15.Nce2 Nxd3
16.cxd3 f5 17.exf5 e5 18.Ne6 Bxe6 19.fxe6 Qc8 20.f4 Qxe6 21.Rdf1 Qh3 22.Ng3 exf4
23.Bxf4 Rxf4 24.Rxf4 Nxf4 25.Qxf4 Qe6 26.Qf5 Qxf5 27.Nxf5 Bxg5 28.Nxd6 Rf8
29.Ne4 Be3 30.Re1 Rf3 31.Kc2 Rh3 32.Re2 Bg1 33.Kc3 h6 34.Rd2 Rxh2 35.Rd1 Bb6
36.d4 Rh4 37.Kd3 Rh3+ 38.Kc2 Re3 39.Nc3 Re8 40.a4 bxa4 41.Nxa4 Ba7 42.Nc5 Rc8
43.b4 h5 44.Kd3 Bb8 45.Nxa6 Bg3 46.Nc5 Kf7 47.Rf1+ Ke7 48.Rg1 h4 49.Ne4 Rb8
50.Nxg3 hxg3 51.Kc4 Rc8+ 52.Kb3 Rd8 53.Rxg3 Rxd4 54.Rxg7+ Kd8 55.Ka4 Kc8
56.Kb5 Kb8 57.Kc5 Rh4 58.b5 Rh5+ 59.Kb6 Rh6+ 60.Ka5 Rf6  1/2-1/2

[Event "5th Rethymno Open"]
[Site "Rethymno GRE"]
[Date "2013.07.29"]
[Round "3.23"]
[White "Tzouganakis,P"]
[Black "Rahmanidis,Petros"]
[Result "1-0"]
[WhiteElo "2201"]
[BlackElo "1873"]

1.e4 c5 2.Nf3 d6 3.d4 cxd4 4.Nxd4 Nf6 5.Nc3 Nc6 6.Bg5 e6 7.Qd2 a6 8.O-O-O Bd7
9.f3 b5 10.Nxc6 Bxc6 11.Bd3 Be7 12.Ne2 O-O 13.Nd4 Bd7 14.g4 Nd5 15.h4 Nb6
16.Be3 Rc8 17.g5 Nc4 18.Bxc4 Rxc4 19.h5 Qa8 20.b3 Rc7 21.g6 Rfc8 22.h6 fxg6
23.Qh2 e5 24.hxg7 h5 25.Qg3 exd4 26.Qxg6 Qc6 27.Rh2 dxe3 28.Rg1 Qc3 29.Qh7+  1-0

[Event "Politiken Cup 2013"]
[Site "Helsingor DEN"]
[Date "2013.07.31"]
[Round "6.99"]
[White "Ottesen,Soren Rud"]
[Black "Pedersen,JanK"]
[Result "1/2-1/2"]
[WhiteElo "1782"]
[BlackElo "2018"]

1.e4 c5 2.Nf3 Nc6 3.d4 cxd4 4.Nxd4 Nf6 5.Nc3 d6 6.Bg5 e6 7.Qd2 Be7 8.f3 a6
9.Be3 d5 10.exd5 Nxd5 11.Nxd5 Qxd5 12.Nxc6 Qxc6 13.Bd3 Bh4+ 14.Bf2 Bxf2+
15.Qxf2 O-O 16.O-O e5 17.Rfe1 f6 18.Rad1 Be6 19.b3 Rad8 20.Qh4 g6 21.Qe4 Qxe4  1/2-1/2

[Event "5th Rethymno Open"]
[Site "Rethymno GRE"]
[Date "2013.07.31"]
[Round "5.12"]
[White "Stamos,F"]
[Black "Lekic,Du"]
[Result "0-1"]
[WhiteElo "2060"]
[BlackElo "2430"]

1.e4 c5 2.Nf3 d6 3.d4 Nf6 4.Nc3 cxd4 5.Nxd4 Nc6 6.Bg5 e6 7.Qd2 a6 8.O-O-O Bd7
9.f3 h6 10.Be3 h5 11.Kb1 Be7 12.Nxc6 Bxc6 13.Bf4 d5 14.exd5 Nxd5 15.Nxd5 Qxd5
16.Qxd5 Bxd5 17.c4 Bc6 18.Be2 g5 19.Bd6 Rd8 20.Bxe7 Kxe7 21.Kc2 f5 22.Kc3 g4
23.b4 h4 24.fxg4 h3 25.Rxd8 hxg2 26.Rhd1 Rxd8 27.Rg1 f4  0-1